| 000 | 00461nam a2200169Ia 4500 | ||
|---|---|---|---|
| 003 | OSt | ||
| 005 | 20260306101258.0 | ||
| 008 | 211028s2009 xx 000 0 und d | ||
| 040 | _cAIMIT LIBRARY | ||
| 041 | _aeng | ||
| 100 |
_aAcharya M, Ananth; S, Ruban. _g60471404 _92922 |
||
| 110 |
_aRebello, Santhosh. _92923 |
||
| 245 | _aCall detail records analysis / | ||
| 260 |
_aMangalore _c2009 |
||
| 710 |
_aKranium HR Services Pvt Ltd _92924 |
||
| 942 |
_2ddc _cPRO |
||
| 999 |
_c217059 _d217059 |
||